| 000 | 00830cab a2200241 4500 | ||
|---|---|---|---|
| 001 | WB2939-45 | ||
| 008 | 090401t1993 xxu||||| |||| 00| 0 eng d | ||
| 035 | _a(Sirsi) u54198 | ||
| 041 | _aeng | ||
| 245 | _aWife wins mortgage battle | ||
| 260 | _c1993 | ||
| 350 | _a0 | ||
| 490 |
_aFinancial Times _v22 October 1993, 13 |
||
| 490 |
_aTimes _v22 October 1993, 32 (3) |
||
| 520 | _aTwo cases, "Barclays Bank plc v O`Brien" and "CIBC Mortgages plc v Pitt" HL 21 October 1993, have clarified the law relating to the rights of people acting as surety for spouses` borrowings and the consequences for their property assets. | ||
| 650 | _aINFLUENCE | ||
| 650 | _aMATRIMONIAL HOME | ||
| 650 | _aMISREPRESENTATION | ||
| 650 | _aSECURITY | ||
| 690 | _aPROPERTY LAW AND PRACTICE-CASE LAW | ||
| 942 | _n0 | ||
| 948 | _c04/03/1997 | ||
| 999 |
_c33229 _d33229 |
||